Jadavpur journal of international relations (Record no. 91304)

MARC details
000 -LEADER
fixed length control field 00471nam a22001577a 4500
005 - DATE AND TIME OF LATEST TRANSACTION
control field 20150206164514.0
008 - FIXED-LENGTH DATA ELEMENTS--GENERAL INFORMATION
fixed length control field 150206b xxu||||| |||| 00| 0 eng d
022 ## - INTERNATIONAL STANDARD SERIAL NUMBER
International Standard Serial Number 0973-5984
040 ## - CATALOGING SOURCE
Original cataloging agency dpl
245 04 - TITLE STATEMENT
Title Jadavpur journal of international relations
260 ## - PUBLICATION, DISTRIBUTION, ETC. (IMPRINT)
Place of publication, distribution, etc New Delhi
Name of publisher, distributor, etc Sage Publication
Date of publication, distribution, etc 2013
300 ## - PHYSICAL DESCRIPTION
Extent v :
Dimensions 22 cm
310 ## - CURRENT PUBLICATION FREQUENCY
Current publication frequency bi-annual
270 ## - ADDRESS
Address B-1/1-1,Mohan Cooperative Industrial Area,Mathura Road,
City New Delhi
Country India
Postal code 110044
942 ## - ADDED ENTRY ELEMENTS (KOHA)
Source of classification or shelving scheme Dewey Decimal Classification
Item type Periodicals
Serial record 1
Holdings
Withdrawn status Lost status Source of classification or shelving scheme Damaged status Not for loan Collection code Home library Current library Date acquired Total Checkouts Date last seen Price effective from Koha item type
    Dewey Decimal Classification   Not For Loan Non-fiction D.B.Act.Division D.B.Act.Division 06/02/2015   06/02/2015 06/02/2015 Periodicals

© Delhi Public Library
Hit Counter
free hit counter